|
|
|
|
| LEADER |
00000nam a22000007i 4500 |
| 001 |
IT\ICCU\SNT\0001582 |
| 003 |
ItRI |
| 005 |
20260115232428.0 |
| 008 |
010720s2001 it |||||| ||||| |||||c |
| 040 |
|
|
|b ita
|c importazione bologna sebina
|
| 041 |
|
7 |
|a ita
|2 ISO-639-2
|
| 245 |
0 |
0 |
|a 1. rapporto nazionale sulla condizione dell'infanzia e della preadolescenza /
|c Eurispes, Telefono azzurro.
|
| 246 |
1 |
3 |
|a Primo rapporto nazionale sulla condizione dell'infanzia e della preadolescenza
|9 IT\ICCU\IEI\0160670
|
| 260 |
|
|
|a Roma :
|b Eurispes,
|c c2001
|
| 300 |
|
|
|a 155 p. ;
|c 24 cm.
|
| 650 |
|
7 |
|a Preadolescenti
|x Italia
|x Ricerche
|2 scbi
|
| 650 |
|
7 |
|a Fanciulli
|x Italia
|x Ricerche
|2 scbi
|
| 710 |
2 |
|
|a Telefono azzurro
|0 IT\ICCU\CFIV\097350
|
| 710 |
2 |
|
|a Eurispes
|0 IT\ICCU\CFIV\180974
|
| 791 |
2 |
|
|a Istituto di studi politici economici e sociali (Eurispes)
|3 IT\ICCU\CFIV\180976
|z Eurispes
|
| 791 |
2 |
|
|a ISPES (Istituto di studi politici economici e sociali)
|3 IT\ICCU\CFIV\046306
|y Eurispes
|
| 942 |
|
|
|2 ddc
|c BK
|n 0
|
| 952 |
|
|
|0 0
|1 0
|4 0
|6 DOC_305_235000000000000_RAP
|7 0
|9 25603
|a BO
|b BO
|d 2026-01-15
|i 5963
|l 0
|o DOC 305.235 RAP
|p BO5963
|r 2026-01-15 23:24:28
|w 2026-01-15
|x [Sebina 5] [1 v.]
|y BK
|z 1 v.
|
| 999 |
|
|
|c 21728
|d 21728
|